Uniones Paralelas

Detalles Bibliográficos
Autor principal: Carmona Brenis, Marco Antonio
Formato: eBook
Lenguaje:español
Publicado: Lima: Editorial Acadm̌ica Espaǫla, 2019
Materias:
Acceso en línea:Acceso restringido

MARC

LEADER 00000nam a22000007a 4500
005 2019101003323.0
007 cr|||| |||
008 191010s2019 pe |||||s|||| 00||0 spa d
020 |a 9786200011527 
035 |a 30051 
040 |a vLex 
090 |c 9775  |d 9775 
100 1 |a Carmona Brenis, Marco Antonio 
245 1 0 |a Uniones Paralelas  |h [Recurso electrn̤ico] /  |c Marco Antonio Carmona Brenis 
256 |a Servicio en ln̕ea 
260 |a Lima:  |b Editorial Acadm̌ica Espaǫla,  |c 2019 
300 |a 1 recurso electrn̤ico 
500 |a El presente trabajo analiza el reconocimiento de las uniones paralelas y los efectos jurd̕icos que estas producira̕n. Asimismo, sobre la justificacin̤ de su reconocimiento considerando los principios que sustentan el Derecho de Familia, como son el de Monogamia, Pluralismo familiar y de Buena F.̈ Este anl̀isis se hace en de la interpretacin̤ de las normas vigentes del cd̤igo civil Peruano y las normas de los Tratados Internacionales. 
506 1 |a Disponible solo en los productos indicados  |d vLex Global  |d vLex Global (Academic Edition, excluding Law Schools)  |d vLex Global (U.S. Academic Edition, Law Schools)  |d vLex Global (U.S. Academic Edition, excluding Law Schools)  |d vLex Global (Academic Edition, Law Schools) 
650 0 4 |a Derecho Civil  |z Per︢ 
740 0 |a vLex Libros (Servicio en ln̕ea) 
856 4 0 |u http://vlex.com/source/30051  |z Acceso restringido 
942 |c BOOK 
999 0 |a Civil Law